000 00604nam a2200157 i 4500
001 164141
003 ES-MaACL
005 20230906212858.0
008 050727s1862 sp | |||||||| ||spa d
100 1 _aRuiz, José Salvador.
_9132200
245 1 0 _aTratado económico del alumbrado de gas /
_cpor José Salvador Ruiz.
260 _aValladolid :
_bImpren Imp., Librería Nacional y Extranjera de los Hijos de Rodríguez,
_c1862.
300 _a50 p. ;
_c18 cm.
650 _aAlumbrado de gas.
_9174828
852 4 _aES-MaACL
_jT-645-F-7
_z- Enc. hol. conservando cub. original
_z- Enc. en un vol. facticio
999 _c164141
_d164141